Các qui định pháp luật về chuyển đổi và sắp xếp lại doanh nghiệp

Bewaard in:
Bibliografische gegevens
Hoofdauteur: Nguyễn, Thành Long
Formaat: Boek
Taal:Undetermined
Gepubliceerd in: Hà Nội Thống kê 2004
Onderwerpen:
Tags: Voeg label toe
Geen labels, Wees de eerste die dit record labelt!
Thư viện lưu trữ: Trung tâm Học liệu Trường Đại học Cần Thơ
LEADER 00707nam a2200217Ia 4500
001 CTU_92284
008 210402s9999 xx 000 0 und d
020 |c 109000 
082 |a 346.065 
082 |b L431 
100 |a Nguyễn, Thành Long 
245 0 |a Các qui định pháp luật về chuyển đổi và sắp xếp lại doanh nghiệp 
245 0 |c Nguyễn Thành Long 
260 |a Hà Nội 
260 |b Thống kê 
260 |c 2004 
650 |a Business enterprises,Commercial law,Economics 
650 |x Law and legislation,Law and legislation 
650 |z Vietnam 
904 |i Trúc(Tuyen) 
980 |a Trung tâm Học liệu Trường Đại học Cần Thơ